000 00689nam a2200217Ii 4500
003 JO-AjNU
008 230606s9999||||xx |||||||||||||| ||und||
020 _a978-0-340-80680-7
040 _aJO-AjNU
_beng
_erda
_cJO-AjNU
041 _aeng
050 1 4 _aPE1106.B56 2004
100 3 _aBloor,Meriel تأليف/Bloor,Thomas م.مشارك,
_eauthor
_91559
245 0 4 _aThe Functional Analysis Of English
250 _a1 ed
264 3 1 _aLondon:Hodder Education Part of Hachette Livre uK,2006
300 _a315p
336 _atext
_btxt
_2rdacontent
337 _aunmediated
_bn
_2rdamedia
338 _avolume
_bnc
_2rdacarrier
650 4 _aThe Functional Analysis Of English-English
_91560
999 _aE819
_c819
_d819